Ekonomika socialistického zemědělství 1

Salvato in:
Dettagli Bibliografici
Autore principale: Zavíral, Jan
Altri autori: Burešová, Miroslava
Natura: Libro
Lingua:ceco
Pubblicazione: Praha VŠE 1987
Edizione:2. přeprac. vyd.
Tags: Aggiungi Tag
Nessun Tag, puoi essere il primo ad aggiungerne!!

MARC

LEADER 00000nam a2200000 4500
001 c028266
005 20250901072607.5
041 0 |a cze 
044 |a CZ 
245 1 0 |a Ekonomika socialistického zemědělství 1  |c Jan Zavíral, Miroslava Burešová 
250 |a 2. přeprac. vyd. 
264 1 |a Praha  |b VŠE  |c 1987 
300 |a 121 s. 
100 1 |a Zavíral, Jan 
700 1 |a Burešová, Miroslava